Mots cachés n°9 - Statistiques

Statistiques générales
  • Ce quiz a été pris 261 fois
  • Le résultat moyen est 23 sur 25
Statistiques - réponses
Question Tuile Select % Correct
cèpe, tout, mur et roi. N Non
100%
cèpe, tout, mur et roi. N Non
99%
cèpe, tout, mur et roi. U Non
98%
cèpe, tout, mur et roi. O Non
96%
cèpe, tout, mur et roi. E Non
94%
cèpe, tout, mur et roi. P Oui
94%
cèpe, tout, mur et roi. R Oui
94%
cèpe, tout, mur et roi. T Non
94%
cèpe, tout, mur et roi. E Non
93%
cèpe, tout, mur et roi. T Non
93%
cèpe, tout, mur et roi. C Non
92%
cèpe, tout, mur et roi. C Oui
91%
cèpe, tout, mur et roi. M Non
91%
cèpe, tout, mur et roi. U Non
91%
cèpe, tout, mur et roi. O Oui
90%
cèpe, tout, mur et roi. I Non
89%
cèpe, tout, mur et roi. M Oui
89%
cèpe, tout, mur et roi. T Oui
89%
cèpe, tout, mur et roi. U Oui
89%
cèpe, tout, mur et roi. U Oui
89%
cèpe, tout, mur et roi. E Oui
88%
cèpe, tout, mur et roi. O Oui
87%
cèpe, tout, mur et roi. E Oui
86%
cèpe, tout, mur et roi. T Oui
86%
cèpe, tout, mur et roi. I Oui
82%
Aucun quiz correspondant
Distribution des résultats
% des personnes avec chaque résultat
Percentile par nombre de réponses
Votre historique - résultats
Vous n’avez pas pris ce quiz